AIDS : κοινωνικο-πολιτιστικές και ψυχολογικές διαστάσεις

Αποθηκεύτηκε σε:
Λεπτομέρειες βιβλιογραφικής εγγραφής
Κύριος συγγραφέας: Αγραφιώτης, Δημοσθένης Δημ., 1946-
Μορφή: Βιβλίο
Γλώσσα:Greek
Δημοσίευση: Αθήνα : Ύψιλον / Βιβλια, c1997.
Θέματα:
Ετικέτες: Προσθήκη ετικέτας
Δεν υπάρχουν, Καταχωρήστε ετικέτα πρώτοι!

MARC

LEADER 00000nam a2200000 a 4500
001 1/127019
008 230713s1997####gr | ||| |||| ||gre||
040 |a GR-MyUa  |b gre  |c GR-MyUa  |e AACR2 
041 0 |a gre 
082 7 |a 362.1969792   |2 (23) 
100 1 |a Αγραφιώτης, Δημοσθένης Δημ.,   |d 1946- 
245 1 0 |a AIDS :   |b κοινωνικο-πολιτιστικές και ψυχολογικές διαστάσεις /   |c Δημοσθένης Αγραφιώτης και ομάδα συνεργατών: G. Broring...[κ.ά.]. 
246 1 |i Τίτλος εξωφύλλου:   |a AIDS :   |h εγκάρσια σκιά 
260 |a Αθήνα :   |b Ύψιλον / Βιβλια,   |c c1997. 
300 |a 218 σ. ;   |c 21 εκ. 
504 |a Περιλαμβάνει βιβλιογραφίες. 
650 0 |a AIDS (Disease)  |x Social aspects  |z Greece. 
650 0 |a AIDS (Disease)  |x Political aspects  |z Greece. 
650 0 |a AIDS (Disease)  |x Prevention  |x Government policy  |z Greece. 
852 |a INST  |b SYROS  |e 20230712  |h 362.1969792 ΑΓΡ  |p 005500016057  |q 005500016057  |t BK  |y 0 
970 |a Κοντού  |b Παρασκευή  |z 13/07/2023